000
00262nam a22001217a 4500
008
170130b xxu||||| |||| 00| 0 eng d
041
_a
eng
080
_2
3RD
_a
61
100
_a
3
101
_a
SHMI
245
_a
TEXTBOOK OF LIMNOLOGY
_c
COLE, G.A
942
_2
udc
_c
BK
999
_c
4006
_d
4006